| 000 | 00607nam a2200217Ia 4500 | ||
|---|---|---|---|
| 001 | 7529 | ||
| 003 | GE_BSU | ||
| 008 | 181216s||||||||xx |||||||||||||| ||und|| | ||
| 040 | _cGE_BSU | ||
| 080 | _a624.04(075.8) | ||
| 100 | _aИванин,И.Я. | ||
| 245 | _aСтроительная механика. | ||
| 245 | _bУчебник. | ||
| 245 | _cРед.А.П.Мартинов, под ред. И.С.Симвулиди. | ||
| 260 | _aМ. | ||
| 260 | _bВысшая школа. | ||
| 260 | _c1965. | ||
| 300 | _a430стр.22см. | ||
| 653 | _aСтроительная механика. | ||
| 942 | _cBK | ||
| 999 |
_c40885 _d40885 |
||